Barrios de Vitoria-Gasteiz - Estadísticas

Estadísticas generales
  • Esta prueba ha sido intentada 109 veces
  • La puntuación promedio es 20 de 34
Estadísticas de respuestas
Hint Respuesta % Correcto
32 Lakua
98%
30 Salburua
92%
29 Zabalgana
90%
1 Casco Viejo
88%
14 Arana
79%
16 Judimendi
79%
23 Sansomendi
77%
9 Zaramaga
77%
18 Adurza
75%
4 Coronación
73%
20 Mendizorroza
73%
13 Aranbizkarra
69%
5 El Pilar
69%
2 Ensanche
69%
21 Ariznavarra
67%
8 San Martín
67%
7 Txagorritxu
67%
33 Arriaga
65%
34 Armentia
62%
3 Lovaina
58%
31 Aretxabaleta
50%
6 Gazalbide
50%
17 Santa Lucía
50%
24 Lakua-Arriaga
48%
19 San Cristóbal
46%
10 El Anglo
42%
12 Santiago
42%
22 Ali-Gobeo
40%
11 Arantzabela
37%
15 Desamparados
37%
26 Zona Rural Este
27%
27 Zona Rural Noroeste
25%
28 Zona Rural Suroeste
25%
25 Abetetxuko
19%
No se encontraron pruebas coincidentes
Distribución de puntuación
Porcentaje de gente con cada puntuación
Porcentaje por número respondido
Historial de tus puntuaciones
No has intentado esta prueba.